00480nam a2200169Ia 450000500170000000800410001702000060005808200130006410000130007724500160009026000410010630000190014765000240016694200060019095200990019699900150029520250319133215.0240331s9999 xx 000 0 und d a  bPERa894 aPeran, N 0aSathiyankal aNelliadybSharmila Pathippagamc1987 aviii, 127 p ., aTamil Short Stories cL 001040708LaWERCLbWERCLcSSCd2024-03-31l0o 894.811 PERp2369r2024-03-31w2024-03-31yL c3843d3843